Fergusson's surveying circle and percentage tables (Record no. 113134)

MARC details
000 -LEADER
fixed length control field 00593cam a22001815a 4500
001 - CONTROL NUMBER
control field L154758
008 - FIXED-LENGTH DATA ELEMENTS--GENERAL INFORMATION
fixed length control field 120117s1901 xxk f 000 0 eng d
035 ## - SYSTEM CONTROL NUMBER
System control number (Sirsi) u154758
041 0# - LANGUAGE CODE
Language code of text/sound track or separate title eng
100 1# - MAIN ENTRY--PERSONAL NAME
Personal name Fergusson, John C.
245 00 - TITLE STATEMENT
Title Fergusson's surveying circle and percentage tables
Remainder of title a solution of the centesimal division of the circle
260 ## - PUBLICATION, DISTRIBUTION, ETC.
Place of publication, distribution, etc. [S.l.]
Name of publisher, distributor, etc. the author
Date of publication, distribution, etc. 1901
300 ## - PHYSICAL DESCRIPTION
Extent 84p.
Other physical details ill.
Dimensions 22cm.
520 ## - SUMMARY, ETC.
Summary, etc. A text to support the use of Fergusson's surveying circle and pecentage tables.
651 #4 - SUBJECT ADDED ENTRY--GEOGRAPHIC NAME
Geographic name United Kingdom
Chronological subdivision
690 ## - LOCAL SUBJECT ADDED ENTRY--TOPICAL TERM (OCLC, RLIN)
Topical term or geographic name as entry element Measurement
9 (RLIN) 6256
942 ## - ADDED ENTRY ELEMENTS (KOHA)
Suppress in OPAC 0
Holdings
Withdrawn status Lost status Source of classification or shelving scheme Damaged status Not for loan Home library Current library Shelving location Date acquired Total Checkouts Full call number Barcode Date last seen Copy number Price effective from Koha item type
    Dewey Decimal Classification     London London Basement 17/01/2012   RESERVE 30077120 06/08/2019 1 06/08/2019 Book